000 00231nam a22000857a 4500
008 161117b xxu||||| |||| 00| 0 eng d
100 _91277
_aPanandikar. S
245 _aThe bridge at borim
260 _aNew delhi
_bNational book trust
_c2001
999 _c3981
_d3981